Depois de FHC : (Record no. 8201)

MARC details
000 -LEADER
campo de control de longitud fija 00970cam a2200265 4500
001 - NÚMERO DE CONTROL
campo de control 5550
005 - FECHA Y HORA DE LA ÚLTIMA TRANSACCIÓN
campo de control 20230404125949.0
008 - DATOS DE LONGITUD FIJA--INFORMACIÓN GENERAL
campo de control de longitud fija 060907s2002 bl por
020 ## - NÚMERO INTERNACIONAL ESTÁNDAR DEL LIBRO
Número Internacional Estándar del Libro 857509064X
035 ## - NÚMERO DE CONTROL DEL SISTEMA
-- funglode5597
041 ## - CÓDIGO DE IDIOMA
Código de lengua del texto/banda sonora o título independiente por
050 14 - SIGNATURA TOPOGRÁFICA DE LA BIBLIOTECA DEL CONGRESO
Número de clasificación 103 F 2538.3
Número de ítem P436d 2002
082 00 - NÚMERO DE LA CLASIFICACIÓN DECIMAL DEWEY
Número de clasificación 320/.98106
100 1# - ENTRADA PRINCIPAL--NOMBRE DE PERSONA
Nombre de persona Pereira, Alvaro,
Fechas asociadas al nombre 1952-
245 10 - MENCIÓN DEL TÍTULO
Título Depois de FHC :
Resto del título personagens do cenário político analisam o governo Fernando Henrique Cardoso e apontam alternativas para o Brasil /
Mención de responsabilidad, etc. Álvaro Pereira ; com fotos de Orlando Brito.
260 ## - PUBLICACIÓN, DISTRIBUCIÓN, ETC.
Lugar de publicación, distribución, etc. Sao Paulo :
Nombre del editor, distribuidor, etc. Geraç̃ao,
Fecha de publicación, distribución, etc. 2002
300 ## - DESCRIPCIÓN FÍSICA
Extensión 309 p. :
Otras características físicas ill. ;
Dimensiones 24 cm.
651 #0 - PUNTO DE ACCESO ADICIONAL DE MATERIA--NOMBRE GEOGRÁFICO
Nombre geográfico Brazil
Subdivisión general Politics and government
Subdivisión cronológica 1985-2002.
651 #0 - PUNTO DE ACCESO ADICIONAL DE MATERIA--NOMBRE GEOGRÁFICO
Nombre geográfico Brazil
Subdivisión general Economic conditions
Subdivisión cronológica 1985-
651 #0 - PUNTO DE ACCESO ADICIONAL DE MATERIA--NOMBRE GEOGRÁFICO
Nombre geográfico Brazil
Subdivisión general Social conditions
Subdivisión cronológica 1985-
651 #4 - PUNTO DE ACCESO ADICIONAL DE MATERIA--NOMBRE GEOGRÁFICO
Nombre geográfico Brasil
Subdivisión general Política y gobierno
Subdivisión cronológica 1985-2002.
651 #4 - PUNTO DE ACCESO ADICIONAL DE MATERIA--NOMBRE GEOGRÁFICO
Nombre geográfico Brasil
Subdivisión general Condiciones económicas
Subdivisión cronológica 1985-
651 #4 - PUNTO DE ACCESO ADICIONAL DE MATERIA--NOMBRE GEOGRÁFICO
Nombre geográfico Brasil
Subdivisión general Condiciones sociales
Subdivisión cronológica 1985-
942 ## - ELEMENTOS DE ENTRADA SECUNDARIOS (KOHA)
Fuente del sistema de clasificación o colocación Clasificación de Library of Congress
Tipo de ítem Koha
Holdings
Estatus retirado Estado de pérdida Fuente del sistema de clasificación o colocación Estado de daño No para préstamo Colección Biblioteca de origen Biblioteca actual Ubicación en estantería Fecha de adquisición Serial enumeration / chronology Total checkouts Signatura topográfica completa Código de barras Visto por última vez Copia número Precio de reemplazo Tipo de ítem Koha
    Clasificación de Library of Congress     Recursos Regionales Biblioteca Juan Bosch Biblioteca Juan Bosch Recursos Regionales (2do. Piso) 23/10/2018 1   103 F 2538.3 P436d 2002 00000002125 23/10/2018 1 23/10/2018